Introduction to Mechatronics and Measurement Systems (Record no. 220151)

MARC details
000 -LEADER
fixed length control field 00543nam a2200205Ia 4500
008 - FIXED-LENGTH DATA ELEMENTS--GENERAL INFORMATION
fixed length control field 240823s9999||||xx |||||||||||||| ||und||
020 ## - INTERNATIONAL STANDARD BOOK NUMBER
International Standard Book Number 978-01-07-06814-2
082 ## - DEWEY DECIMAL CLASSIFICATION NUMBER
-- 621 P4
100 ## - MAIN ENTRY--PERSONAL NAME
Personal name David G Alciatore
245 #0 - TITLE STATEMENT
Title Introduction to Mechatronics and Measurement Systems
250 ## - EDITION STATEMENT
Edition statement 1st
260 ## - PUBLICATION, DISTRIBUTION, ETC. (IMPRINT)
Date of publication, distribution, etc 2004
Name of publisher, distributor, etc McGraw - Hill Higher Educ
Place of publication, distribution, etc New York
500 ## - GENERAL NOTE
General note TRANSFERED
650 ## - SUBJECT ADDED ENTRY--TOPICAL TERM
Topical term or geographic name as entry element Mechatronics
700 ## - ADDED ENTRY--PERSONAL NAME
Personal name Michael B Histand
942 ## - ADDED ENTRY ELEMENTS (KOHA)
Item type Books
Holdings
Withdrawn status Lost status Damaged status Permanent location Current location Shelving location Date acquired Full call number Barcode Date last seen Koha item type
      CENTRAL LIBRARY, NOORUL ISLAM CENTRE FOR HIGHER EDUCATION CENTRAL LIBRARY, NOORUL ISLAM CENTRE FOR HIGHER EDUCATION   11/26/2014 621 P4 69397 08/23/2024 Books
Visitors:
Copyright © 2024 Central Library NICHE.  All rights reserved.